• 首页
  • 本馆介绍
  • 公告通知
  • 最新文献
  • 馆藏检索
  • 电子资源
  • 读者导购
  • 参考咨询
  • 我的图书馆
  • 登录
  • 详细信息显示
  • 放入我的书架
  • 预约/预借图书
  • 作者相关作品
  • 分类相关作品
  • 丛书相关作品
  • 出版社相关作品

书目信息

  • 表格格式
  • 工作单格式
  • 卡片格式
题名:
糖类药物合成与制备
    
 
作者: 方志杰 编著
分册:  
出版信息: 北京   化学工业出版社  2010
页数: 440页
开本: 26cm
丛书名:
单 册:
中图分类: R915
科图分类:
主题词: 多糖--药物学 , 多糖 , 药物学
电子资源:
ISBN: 978-7-122-05364-0
000 01155nam0 2200277 45
001 1033117640
005 20100407170314.57
010    @a978-7-122-05364-0@b精装@dCNY98.00
100    @a20100402d2010 em y0chiy50 ea
101 0  @achi
102    @aCN@b110000
105    @ay z 001yy
106    @ar
200 1  @a糖类药物合成与制备@ATang Lei Yao Wu He Cheng Yu Zhi Bei@dSynthesis and preparation of carbohydrate-based drug@f方志杰编著@FFang Zhi Jie Bian Zhu@zeng
210    @a北京@c化学工业出版社@d2010
215    @a440页@d26cm
320    @a有索引(437-440页)
330    @a本书分上篇、下篇两部分。上篇为总论,主要介绍糖类药物概况和发展趋势、糖类药物发现的历程;下篇为各论,介绍了已公开发表的566种糖类药物及其衍生物的英文名称、中文名称、别名、化学结构式、CAS登记号、分子式、分子量、性状、来源或用途,重点介绍了合成路线及试剂与条件(化学合成药物)或制备方法(分离的天然产物)。
510 1  @aSynthesis and preparation of carbohydrate-based drug@zeng
606 0  @a多糖@x药物学
606 0  @a多糖
606 0  @a药物学
690    @aR915@v4
701  0 @a方志杰@AFang Zhi Jie@4编著
801  0 @aCN@bTANGWEI@c20100407
905    @b0588607-09@dR915@e84@f3
    
    糖类药物合成与制备=Synthesis and preparation of carbohydrate-based drug/方志杰编著.-北京:化学工业出版社,2010
    440页;26cm
    
    
    ISBN 978-7-122-05364-0(精装):CNY98.00
    本书分上篇、下篇两部分。上篇为总论,主要介绍糖类药物概况和发展趋势、糖类药物发现的历程;下篇为各论,介绍了已公开发表的566种糖类药物及其衍生物的英文名称、中文名称、别名、化学结构式、CAS登记号、分子式、分子量、性状、来源或用途,重点介绍了合成路线及试剂与条件(化学合成药物)或制备方法(分离的天然产物)。
●
相关链接 在E读中查询图书 在五车中查询图书 在当当中查询图书 在豆瓣中查询图书


正题名:糖类药物合成与制备     索取号:R915/84         预约/预借

序号 登录号 条形码 馆藏地/架位号 状态 备注
1 0588607   205886077   第二样本阅览室/ [索取号:R915/84] 在馆    
2 0588608   205886086   第三借阅区/ [索取号:R915/84] 在馆    
3 0588609   205886095   第三借阅区/ [索取号:R915/84] 在馆    
唐山师范学院图书馆 欢迎您!
大连网信软件有限公司© 版权所有